Cost accounting: a managerial emphasis. -- 12th ed. (Record no. 38962)

MARC details
000 -LEADER
fixed length control field 00848nam a2200217 a 4500
008 - FIXED-LENGTH DATA ELEMENTS--GENERAL INFORMATION
fixed length control field 100322s2006 ||||||||||||||||| || u
020 ## - INTERNATIONAL STANDARD BOOK NUMBER
International Standard Book Number 0131495380
050 ## - LIBRARY OF CONGRESS CALL NUMBER
Classification number HF 5686.C8 Hor
100 ## - MAIN ENTRY--PERSONAL NAME
Personal name Horngren, Charles T
245 10 - TITLE STATEMENT
Title Cost accounting: a managerial emphasis. -- 12th ed.
Statement of responsibility, etc. Charles T. Horngren, Srikant M. Datar, George Foster
250 ## - EDITION STATEMENT
Edition statement 12th ed.
260 ## - PUBLICATION, DISTRIBUTION, ETC.
Place of publication, distribution, etc. Upper Saddle River, N. J.:
Name of publisher, distributor, etc. Pearson
Date of publication, distribution, etc. 2006
300 ## - PHYSICAL DESCRIPTION
Extent xxviii, 868p.: ill.
350 ## - PRICE (NR) (BK AM CF MU VM SE) [OBSOLETE]
Price 0.00
490 ## - SERIES STATEMENT
Series statement Charles T. Horngren series in accounting
650 #0 - SUBJECT ADDED ENTRY--TOPICAL TERM
Topical term or geographic name entry element ACCOUNTING--HANDBOOKS, MANUALS, ETC
650 #0 - SUBJECT ADDED ENTRY--TOPICAL TERM
Topical term or geographic name entry element COST ACCOUNTING
700 ## - ADDED ENTRY--PERSONAL NAME
Personal name Datar, Srikant M
700 ## - ADDED ENTRY--PERSONAL NAME
Personal name Foster, George
995 ## - RECOMMENDATION 995 [LOCAL, UNIMARC FRANCE]
-- 0.00
-- CBU-MAIN LIBRARY (Kitwe)
-- 1
-- 0.00
-- 1
-- AVAILABLE
-- May 12, 2010
-- Main Library Open Access Collection
Holdings
Withdrawn status Lost status Source of classification or shelving scheme Damaged status Not for loan Home library Current library Shelving location Date acquired Total Checkouts Total Renewals Full call number Barcode Date last seen Date last checked out Price effective from Koha item type
          CBU-MAIN LIBRARY, KITWE. CBU-MAIN LIBRARY, KITWE.   11/30/2022 1 1 HF 5686.C8 Hor 741220 04/13/2026 02/09/2026 11/30/2022 MONOGRAPH